000 00231nam a2200097Ia 4500
005 20251222114339.0
008 251222s1900||||xx |||||||||||||| ||spa||
082 _aDVD0060/F83/2000
245 0 _aAlta fidelidad:High fidelity
942 _cDVD
999 _c773
_d773